000 00960nam a2200205Ia 4500
003 Ost
005 20260507075024.0
008 260507s9999||||xx |||||||||||||| ||und||
040 _cfsecg
041 _aara
082 _a330
100 _aحافظ، مجدي محب
_eمؤلف
245 0 _aجرائم الشيك :
_bدراسة مقارنة في التشريع المصري والعربي والفرنسي /
_c مجدي محب حافظ
260 _a[دون مكان]:
_b[دون ناشر],
_c2002
300 _a256 صفحة؛
_bإيضاحات ؛
_c23 سم
520 _aمقدمة حول الشيك- الطبيعة القانونية للشيك- تداول الشيك- الوفاء بالشيك- أنواع خاصة من الشيكات- أركان جرائم الشيك- عقوبة إعطاء شيك بدون رصيد- المحاكمة في جرائم الشيك
653 _aالشيكات
653 _aجرائم الاختلاس
942 _cكتاب
999 _c42307
_d42307